000 00837cam a22002651 4500
001 23880
003 BD-RjUL
005 20211209001001.0
008 140312s1963 ctua b 001 0aeng d
035 _a(BD-RjUL) 23945
040 _aDLC/ICU
_cICU
_dBD-RjUL
_beng
041 _aeng
082 0 0 _a926.1
_bYOJ 1963
100 1 _aYonge, James,
_d1647-1721.
_973532
245 0 4 _aThe journal of James Yonge :
_b1647-1721, Plymouth surgeon /
_cEdited by F.N.L. Poynter.
260 _aHamden, Conn. :
_bArchon Books,
_bLongmans.
_c1963.
300 _a247 p. :
_billus. ;
_c22 cm.
504 _aIncludes index and Bibliography.
600 1 0 _aYonge, James,
_d1647-1721
_xDiaries.
_973539
650 0 _aSurgeons
_xDiaries.
_973534
700 _aF.N.L. Poynter.
_973535
942 _2ddc
_cBK
999 _c23880
_d23880